Faluche Alsacienne - Les insignes - Statistiques

Statistiques générales
  • Ce quiz a été pris 7 fois
  • Le résultat moyen est 19 sur 20
Statistiques - réponses
Zone sur la Faluche Insigne Signification Réponse % Correct
Circulaire ... Valide un cursus exemplaire, sans échec ( décerné à la fin des études ) Abeille
100%
Côté Personnel Chope de Bière ... Amour de la BONNE Bière
100%
Côté Personnel Lyre ... Amour de la Musique
100%
Côté Personnel Palette Vernie avec Pinceau ... Amour de la peinture
100%
Circulaire Lettre I ( Horizontale ) ... Année de Césure Etudiante
100%
Côté Etudiant ... Cuite Magistrale, reconnue par les pairs, sans actes malveillants et déplorable Bouteille de Bordeaux ( à l'endroit )
100%
Côté Personnel ... Coeur à prendre Chameau ( à l'endroit )
100%
Côté Etudiant Epi de Blé et Faucille ... Chanceux aux Examens
100%
Circulaire ... Cours du soir Chouette
100%
Zone de Baptême ... Très Vénérable Ancien Faluchard ( en charge ) Chouette ( à l'endroit )
100%
... Tête de mort sur fémurs croisés PACES ou LSPS réussie Circulaire
100%
... Lettre E Année Validée par Equivalence Circulaire
100%
Côté Personnel ... A cousu les rubans ainsi que les écussons de sa faluche soi-même Ciseaux ( Juste ciseaux )
100%
Côté Etudiant ... Grande Gueule pour dire des choses censées Coq
100%
... Singe Quémandeur d'insignes Côté Etudiant
100%
... Ciseaux surmontés d'une étoile argenté A cousu sa coiffe soi-même Côté Personnel
100%
... Grappe de Raisin Amour de la dive bouteille Côté Personnel
100%
... Squelette ( à l'envers + Jambes croisées ) Amour de l'anatomie du même sexe Côté Personnel
100%
Côté Personnel Ciseaux surmontés d'une étoile dorée ... Couseur de faluches
100%
Côté Personnel ... Excellence dans l'acte Epée / Pensée
100%
Ruban d'élu ... Vice-Président Étudiant Etoile Dorée
100%
Côté Personnel ... Premier décès lors d'une garde ou d'un stage Faux
100%
Sur Ecusson de la ville de Naissance ... Séjour d'un roi dans la Ville Fleur de Lys
100%
Circulaire ... Début de Doctctorat de Recherche Grappe de Raisin
100%
Côté Personnel Nounours ... Gros Dormeur
100%
Côté Personnel Pachyderme ... Gros Lourd
100%
Côté Personnel ... Jeune Sapeur Pompier Hache
100%
Côté Personnel ... Ne mange pas de Viande Lapin
100%
Côté Personnel Chardon ... Lorrain
100%
Côté Etudiant ... Connaissance avancée des paillardes Lyre
100%
Zone de Baptême .. A mal chanté sa paillarde Lyre ( à l'envers )
100%
Côté Personnel Pendu avec lettre P ... PACSE
100%
Circulaire ... Validation d'un Diplôme Universitaire Petites Palmes
100%
Côté Personnel ... Aguicheur.se Poule
100%
... Grenouille argentée Membre du Conseil d'Administration de composante Ruban d'élu
100%
... Etoile Argentée Vice-Doyen ou Directeur Adjoint Étudiant Ruban d'élu
100%
... Grenouille tricolore Membre de Conseil(s) National(aux) (ex : CNOUS) Ruban d'élu
100%
Côté Etudiant ... Nuit passée au poste de police pour motif estudiantin Sou Troué
100%
Côté Personnel ... Amour de l'anatomie Squelette ( à l'endroit )
100%
Sur Ruban Associatif ... Démission en cours de mandat Tête de mort
100%
Circulaire ... Echec définitif ou abandon de la filière Tête de Mort
100%
Côté Personnel ... Polyglotte, strictement supérieur à deux langues Tête de Sphinx
100%
... Lyre ( à l'endroit ) A bien chanté sa paillarde Zone de Baptême
100%
... Chouette ( à l'envers ) Très Vénérable Ancien Faluchard (sans charge) Zone de Baptême
100%
Côté Personnel ... Chanceux Fer à Cheval
50%
Circulaire ... Concours de l'enseignement obtenu Grande Lettre C
50%
Ruban d'élu ... Labeur et minutie dans le travail d'élu Abeille
0%
Côté Etudiant Cochon ( à l'envers ) ... A été Intégré
0%
Côté Personnel Squelette ( à l'envers + Jambes Droites ) ... Amour de l'anatomie du sexe opposé
0%
Côté Personnel ... Amour de la Naviguation Ancre
0%
Côté Etudiant ... Sportif Universitaire Anneaux olympique
0%
Circulaire Tête de vache ( au dessus de l'étoile Dorée ) ... Année Validée aux Rattrapages
0%
Côté Etudiant ... Dignité et Responsabilité dans l'ivresse Bacchus
0%
Côté Personnel ... Jeune Parent Bébé
0%
Côté Etudiant ... Intervention du SAMU pour un coma éthylique Bouteille de Champagne
0%
Côté Personnel Hermine ... Breton
0%
V Associatif ... Nuit Blanche Associative pour raison autre que Festive Chouette
0%
Côté Etudiant ... Vie nocturne intense tout en étant studieux Chouette ( à l'endroit )
0%
... Palme de Major Année réussie en tant que Major Circulaire
0%
... Tête de Cheval "A Cheval" sur deux années Circulaire
0%
... Lettre I ( Verticale ) Barrette de Stage Circulaire
0%
... Etoile dorée Année validée Circulaire
0%
Côté Etudiant ... A intégré Cochon ( à l'endroit )
0%
Côté Personnel Fouurchette sur Ruban Bleu ... Cordon Bleu
0%
... Chouette ( à l'envers ) Vie nocturne intense au détriment des études Côté Etudiant
0%
... Bouteille de Bordeaux ( à l'envers ) Cuite magistrale, reconnue par les pairs, associe à des actes
déplorables. C'est un blâme !
Côté Etudiant
0%
... Chameau ( à l'envers ) Coeur Pris Côté Personnel
0%
... Cigogne Alsacien Côté Personnel
0%
... Corp de Chasse Grand Chasseur devant l'éternel Côté Personnel
0%
... Squelette ( à l'envers + une jambe pliée ) Amour de l'anatomie des deux sexe Côté Personnel
0%
... Lion Franc-Comtois Côté Personnel
0%
Côté Personnel ... Occitan(e) Croix Occitane
0%
Circulaire Palmes de Diplôme ... Diplôme Obtenu
0%
Côté Personnel ... Buveur d'Eau Entonnoir
0%
Circulaire ... Année ratée Etoile Argentée
0%
Côté Etudiant Soleil ... Etudiant Relais
0%
Côté Personnel ... A déjà gouté au plaisir de la chair Feuille de Vigne / Rose
0%
Côté Personnel ... Amour de la grande cuisine ( du côté des casseroles, et non de celui de l'assiette ) Fourchette
0%
Ruban d'élu ... Membre de Conseil(s) Universitaire(s) Grenouille dorée
0%
Ruban d'élu ... Membre du Conseil d'Administration d'une Instance Régionale (ex : CROUS ) Grenouille rouge et blanche
0%
Ruban d'élu ... Membre d'autre(s) instance(s) Grenouille Verte
0%
Côté Personnel ... Acte Laborieux et Difficile Lime
0%
Côté Personnel Hirondelle ... Parle Alsacien
0%
Côté Personnel ... La corde au cou, avatar du mariage Pendu
0%
Côté Personnel Cochon ... Petit Cochon
0%
Côté Personnel ... Amour de la littérature Plume
0%
Côté Personnel Epi de blé ... Radin
0%
Côté Personnel Flêche ... Rapidité dans l'acte
0%
... Étoile rouge et blanche Vice-Président Étudiant du CA du CROUS Ruban d'élu
0%
Côté Personnel ... Ardennais Sanglier
0%
... Abeille Labeur et minutie dans la vie Associative V Associatif
0%
Aucun quiz correspondant
Distribution des résultats
% des personnes avec chaque résultat
Percentile par nombre de réponses
Votre historique - résultats
Vous n’avez pas pris ce quiz